Automatizované generovanie aplikačného rozhrania v procesne orientovaných systémoch

Gespeichert in:
Bibliographische Detailangaben
1. Verfasser: Kubričan, Juraj (Verfasst von)
Weitere Verfasser: Juhás, Gabriel (Betreuung Doktorarbeit)
Format: Manuskript Buch
Sprache:Slowakisch
Veröffentlicht: 2019
Schlagworte:
Online-Zugang:http://is.stuba.sk/zp/portal_zp.pl?podrobnosti=144442
Tags: Tag hinzufügen
Keine Tags, Fügen Sie das erste Tag hinzu!

MARC

LEADER 00000ntm a22000003a 4500
001 stuzp72024
003 SK-STU
005 20190823110227.7
007 ta
008 150427s2015----xo-----f-mn---000-0-slo-d
040 |a STU  |b slo 
041 0 |a slo 
044 |a xo 
100 1 |a Kubričan, Juraj  |u 035000  |k Z4  |4 aut  |U FEI Fakulta elektrotechniky a informatiky  |T FEI Ústav informatiky a matematiky  |X 52598  |U E050  |Y 816  |7 52598 
242 0 1 |a Automatic generation of application interface in process oriented systems  |y eng 
245 1 0 |a Automatizované generovanie aplikačného rozhrania v procesne orientovaných systémoch 
260 |c 2019 
300 |a 52 s., príl.,  |b CD-ROM 
650 4 |a Petriflow  |2 slo 
650 4 |a Petriho siete  |2 slo 
650 4 |a cloud  |2 slo 
650 4 |a API  |2 slo 
650 4 |a Petri net  |2 eng 
650 4 |a Petriflow  |2 eng 
650 4 |a cloud  |2 eng 
650 4 |a API  |2 eng 
700 1 |a Juhás, Gabriel  |u 035000  |k Z1  |4 ths  |U FEI Fakulta elektrotechniky a informatiky  |T FEI Ústav informatiky a matematiky  |X 4971  |U E050  |Y 816  |7 A000004971 
856 4 |u http://is.stuba.sk/zp/portal_zp.pl?podrobnosti=144442 
996 |b 284EP12350  |c E*DIPL- 12350  |l EE35  |s P  |a 0  |w stuzp72024_0001